<?xml version="1.0" encoding="UTF-8"?>
<record
    xmlns:xsi="http://www.w3.org/2001/XMLSchema-instance"
    xsi:schemaLocation="http://www.loc.gov/MARC21/slim http://www.loc.gov/standards/marcxml/schema/MARC21slim.xsd"
    xmlns="http://www.loc.gov/MARC21/slim">

  <leader>00908nas a2200241 454500</leader>
  <controlfield tag="001">34510</controlfield>
  <controlfield tag="005">20260407193509.0</controlfield>
  <controlfield tag="008">260407s1988####ag###########|||spa#d</controlfield>
  <controlfield tag="003">AR-UNSa-BCEJYS</controlfield>
  <datafield tag="040" ind1=" " ind2=" ">
    <subfield code="a">AR-UNSa-BCEJYS</subfield>
    <subfield code="b">spa</subfield>
    <subfield code="c">AR-UNSa-BCEJYS</subfield>
  </datafield>
  <datafield tag="080" ind1=" " ind2=" ">
    <subfield code="a">657</subfield>
    <subfield code="x">Contabilidad</subfield>
  </datafield>
  <datafield tag="245" ind1="1" ind2="0">
    <subfield code="a">Bolet&#xED;n Interamericano</subfield>
    <subfield code="n">Interamerican Bulletin = Boletim Interamericano</subfield>
    <subfield code="p">Organo mensual de la Asociaci&#xF3;n Interamericana de Contabilidad</subfield>
  </datafield>
  <datafield tag="022" ind1=" " ind2=" ">
    <subfield code="a">9991-6489</subfield>
  </datafield>
  <datafield tag="264" ind1=" " ind2="1">
    <subfield code="a">Santo Domingo :</subfield>
    <subfield code="b">[s.n.]</subfield>
    <subfield code="c">1988</subfield>
  </datafield>
  <datafield tag="310" ind1=" " ind2=" ">
    <subfield code="a">Frecuencia: Mensual
Cambia de periodicidad a bimestral en el a&#xF1;o 1994</subfield>
  </datafield>
  <datafield tag="041" ind1=" " ind2=" ">
    <subfield code="a">spa</subfield>
  </datafield>
  <datafield tag="942" ind1=" " ind2=" ">
    <subfield code="c">SER</subfield>
  </datafield>
  <datafield tag="590" ind1=" " ind2=" ">
    <subfield code="a">niveau_biblio:s niveau_hierar:1</subfield>
  </datafield>
  <datafield tag="100" ind1="1" ind2=" ">
    <subfield code="a">Asociaci&#xF3;n Interamericana de Contabilidad (AIC)</subfield>
  </datafield>
  <datafield tag="650" ind1=" " ind2=" ">
    <subfield code="a">CONTABILIDAD</subfield>
  </datafield>
  <datafield tag="650" ind1=" " ind2=" ">
    <subfield code="a">Auditor&#xED;a</subfield>
  </datafield>
  <datafield tag="856" ind1="4" ind2="1">
    <subfield code="u">https://biblioeco.unsa.edu.ar/pmb/images/revistas/boletinInteramericano.jpg</subfield>
    <subfield code="y">Imagen de portada</subfield>
    <subfield code="q">image/jpeg</subfield>
  </datafield>
  <datafield tag="999" ind1=" " ind2=" ">
    <subfield code="c">8754</subfield>
    <subfield code="d">8754</subfield>
  </datafield>
  <datafield tag="952" ind1=" " ind2=" ">
    <subfield code="0">0</subfield>
    <subfield code="1">0</subfield>
    <subfield code="4">0</subfield>
    <subfield code="7">0</subfield>
    <subfield code="a">BCEJYS</subfield>
    <subfield code="b">BCEJYS</subfield>
    <subfield code="c">17</subfield>
    <subfield code="d">2000-05-01</subfield>
    <subfield code="h">mayo/jun. 2000</subfield>
    <subfield code="l">0</subfield>
    <subfield code="o">H657 ORG 5/6.2000</subfield>
    <subfield code="p">R17547</subfield>
    <subfield code="r">2026-04-10 16:09:26</subfield>
    <subfield code="w">2026-04-10</subfield>
    <subfield code="y">RN</subfield>
  </datafield>
  <datafield tag="952" ind1=" " ind2=" ">
    <subfield code="0">0</subfield>
    <subfield code="1">0</subfield>
    <subfield code="4">0</subfield>
    <subfield code="7">0</subfield>
    <subfield code="a">BCEJYS</subfield>
    <subfield code="b">BCEJYS</subfield>
    <subfield code="c">17</subfield>
    <subfield code="d">2000-03-01</subfield>
    <subfield code="h">mar./abr. 2000</subfield>
    <subfield code="l">0</subfield>
    <subfield code="o">H657 ORG 3/4.2000</subfield>
    <subfield code="p">R17546</subfield>
    <subfield code="r">2026-04-10 16:09:26</subfield>
    <subfield code="w">2026-04-10</subfield>
    <subfield code="y">RN</subfield>
  </datafield>
  <datafield tag="952" ind1=" " ind2=" ">
    <subfield code="0">0</subfield>
    <subfield code="1">0</subfield>
    <subfield code="4">0</subfield>
    <subfield code="7">0</subfield>
    <subfield code="a">BCEJYS</subfield>
    <subfield code="b">BCEJYS</subfield>
    <subfield code="c">17</subfield>
    <subfield code="d">1999-11-01</subfield>
    <subfield code="h">nov./dic. 1999</subfield>
    <subfield code="l">0</subfield>
    <subfield code="o">H657 ORG 11/12.1999</subfield>
    <subfield code="p">R17545</subfield>
    <subfield code="r">2026-04-10 16:09:26</subfield>
    <subfield code="w">2026-04-10</subfield>
    <subfield code="y">RN</subfield>
  </datafield>
  <datafield tag="952" ind1=" " ind2=" ">
    <subfield code="0">0</subfield>
    <subfield code="1">0</subfield>
    <subfield code="4">0</subfield>
    <subfield code="7">0</subfield>
    <subfield code="a">BCEJYS</subfield>
    <subfield code="b">BCEJYS</subfield>
    <subfield code="c">17</subfield>
    <subfield code="d">1999-01-01</subfield>
    <subfield code="h">ene./feb. 1999</subfield>
    <subfield code="l">0</subfield>
    <subfield code="o">H657 ORG 1/2.1999</subfield>
    <subfield code="p">R17544</subfield>
    <subfield code="r">2026-04-10 16:09:26</subfield>
    <subfield code="w">2026-04-10</subfield>
    <subfield code="y">RN</subfield>
  </datafield>
  <datafield tag="952" ind1=" " ind2=" ">
    <subfield code="0">0</subfield>
    <subfield code="1">0</subfield>
    <subfield code="4">0</subfield>
    <subfield code="7">0</subfield>
    <subfield code="a">BCEJYS</subfield>
    <subfield code="b">BCEJYS</subfield>
    <subfield code="c">17</subfield>
    <subfield code="d">1998-09-01</subfield>
    <subfield code="h">sep./oct. 1998</subfield>
    <subfield code="l">0</subfield>
    <subfield code="o">H657 ORG 9/10.1998</subfield>
    <subfield code="p">R17543</subfield>
    <subfield code="r">2026-04-10 16:09:26</subfield>
    <subfield code="w">2026-04-10</subfield>
    <subfield code="y">RN</subfield>
  </datafield>
  <datafield tag="952" ind1=" " ind2=" ">
    <subfield code="0">0</subfield>
    <subfield code="1">0</subfield>
    <subfield code="4">0</subfield>
    <subfield code="7">0</subfield>
    <subfield code="a">BCEJYS</subfield>
    <subfield code="b">BCEJYS</subfield>
    <subfield code="c">17</subfield>
    <subfield code="d">1998-07-01</subfield>
    <subfield code="h">jul./ago. 1998</subfield>
    <subfield code="l">0</subfield>
    <subfield code="o">H657 ORG 7/8.1998</subfield>
    <subfield code="p">R17542</subfield>
    <subfield code="r">2026-04-10 16:09:26</subfield>
    <subfield code="w">2026-04-10</subfield>
    <subfield code="y">RN</subfield>
  </datafield>
  <datafield tag="952" ind1=" " ind2=" ">
    <subfield code="0">0</subfield>
    <subfield code="1">0</subfield>
    <subfield code="4">0</subfield>
    <subfield code="7">0</subfield>
    <subfield code="a">BCEJYS</subfield>
    <subfield code="b">BCEJYS</subfield>
    <subfield code="c">17</subfield>
    <subfield code="d">1998-05-01</subfield>
    <subfield code="h">mayo/jun. 1998</subfield>
    <subfield code="l">0</subfield>
    <subfield code="o">H657 ORG 5/6.1998</subfield>
    <subfield code="p">R17541</subfield>
    <subfield code="r">2026-04-10 16:09:26</subfield>
    <subfield code="w">2026-04-10</subfield>
    <subfield code="y">RN</subfield>
  </datafield>
  <datafield tag="952" ind1=" " ind2=" ">
    <subfield code="0">0</subfield>
    <subfield code="1">0</subfield>
    <subfield code="4">0</subfield>
    <subfield code="7">0</subfield>
    <subfield code="a">BCEJYS</subfield>
    <subfield code="b">BCEJYS</subfield>
    <subfield code="c">17</subfield>
    <subfield code="d">1997-11-01</subfield>
    <subfield code="h">nov./dic. 1997</subfield>
    <subfield code="l">0</subfield>
    <subfield code="o">H657 ORG 11/12.1997</subfield>
    <subfield code="p">R17540</subfield>
    <subfield code="r">2026-04-10 16:09:26</subfield>
    <subfield code="w">2026-04-10</subfield>
    <subfield code="y">RN</subfield>
  </datafield>
  <datafield tag="952" ind1=" " ind2=" ">
    <subfield code="0">0</subfield>
    <subfield code="1">0</subfield>
    <subfield code="4">0</subfield>
    <subfield code="7">0</subfield>
    <subfield code="a">BCEJYS</subfield>
    <subfield code="b">BCEJYS</subfield>
    <subfield code="c">17</subfield>
    <subfield code="d">1997-09-01</subfield>
    <subfield code="h">sep./oct. 1997</subfield>
    <subfield code="l">0</subfield>
    <subfield code="o">H657 ORG 9/10.1997</subfield>
    <subfield code="p">R17539</subfield>
    <subfield code="r">2026-04-10 16:09:26</subfield>
    <subfield code="w">2026-04-10</subfield>
    <subfield code="y">RN</subfield>
  </datafield>
  <datafield tag="952" ind1=" " ind2=" ">
    <subfield code="0">0</subfield>
    <subfield code="1">0</subfield>
    <subfield code="4">0</subfield>
    <subfield code="7">0</subfield>
    <subfield code="a">BCEJYS</subfield>
    <subfield code="b">BCEJYS</subfield>
    <subfield code="c">17</subfield>
    <subfield code="d">1997-07-01</subfield>
    <subfield code="h">jul./ago. 1997</subfield>
    <subfield code="l">0</subfield>
    <subfield code="o">H657 ORG 7/8.1997</subfield>
    <subfield code="p">R17538</subfield>
    <subfield code="r">2026-04-10 16:09:26</subfield>
    <subfield code="w">2026-04-10</subfield>
    <subfield code="y">RN</subfield>
  </datafield>
  <datafield tag="952" ind1=" " ind2=" ">
    <subfield code="0">0</subfield>
    <subfield code="1">0</subfield>
    <subfield code="4">0</subfield>
    <subfield code="7">0</subfield>
    <subfield code="a">BCEJYS</subfield>
    <subfield code="b">BCEJYS</subfield>
    <subfield code="c">17</subfield>
    <subfield code="d">1997-05-01</subfield>
    <subfield code="h">mayo/jun. 1997</subfield>
    <subfield code="l">0</subfield>
    <subfield code="o">H657 ORG 5/6.1997</subfield>
    <subfield code="p">R17537</subfield>
    <subfield code="r">2026-04-10 16:09:26</subfield>
    <subfield code="w">2026-04-10</subfield>
    <subfield code="y">RN</subfield>
  </datafield>
  <datafield tag="952" ind1=" " ind2=" ">
    <subfield code="0">0</subfield>
    <subfield code="1">0</subfield>
    <subfield code="4">0</subfield>
    <subfield code="7">0</subfield>
    <subfield code="a">BCEJYS</subfield>
    <subfield code="b">BCEJYS</subfield>
    <subfield code="c">17</subfield>
    <subfield code="d">1997-03-01</subfield>
    <subfield code="h">mar./abr. 1997</subfield>
    <subfield code="l">0</subfield>
    <subfield code="o">H657 ORG 3/4.1997</subfield>
    <subfield code="p">R17536</subfield>
    <subfield code="r">2026-04-10 16:09:26</subfield>
    <subfield code="w">2026-04-10</subfield>
    <subfield code="y">RN</subfield>
  </datafield>
  <datafield tag="952" ind1=" " ind2=" ">
    <subfield code="0">0</subfield>
    <subfield code="1">0</subfield>
    <subfield code="4">0</subfield>
    <subfield code="7">0</subfield>
    <subfield code="a">BCEJYS</subfield>
    <subfield code="b">BCEJYS</subfield>
    <subfield code="c">17</subfield>
    <subfield code="d">1997-01-01</subfield>
    <subfield code="h">ene./feb. 1997</subfield>
    <subfield code="l">0</subfield>
    <subfield code="o">H657 ORG 1/2.1997</subfield>
    <subfield code="p">R17535</subfield>
    <subfield code="r">2026-04-10 16:09:26</subfield>
    <subfield code="w">2026-04-10</subfield>
    <subfield code="y">RN</subfield>
  </datafield>
  <datafield tag="952" ind1=" " ind2=" ">
    <subfield code="0">0</subfield>
    <subfield code="1">0</subfield>
    <subfield code="4">0</subfield>
    <subfield code="7">0</subfield>
    <subfield code="a">BCEJYS</subfield>
    <subfield code="b">BCEJYS</subfield>
    <subfield code="c">17</subfield>
    <subfield code="d">1996-09-01</subfield>
    <subfield code="h">sep./oct. 1996</subfield>
    <subfield code="l">0</subfield>
    <subfield code="o">H657 ORG 9/10.1996</subfield>
    <subfield code="p">R17534</subfield>
    <subfield code="r">2026-04-10 16:09:26</subfield>
    <subfield code="w">2026-04-10</subfield>
    <subfield code="y">RN</subfield>
  </datafield>
  <datafield tag="952" ind1=" " ind2=" ">
    <subfield code="0">0</subfield>
    <subfield code="1">0</subfield>
    <subfield code="4">0</subfield>
    <subfield code="7">0</subfield>
    <subfield code="a">BCEJYS</subfield>
    <subfield code="b">BCEJYS</subfield>
    <subfield code="c">17</subfield>
    <subfield code="d">1996-07-01</subfield>
    <subfield code="h">jul./ago. 1996</subfield>
    <subfield code="l">0</subfield>
    <subfield code="o">H657 ORG 7/8.1996</subfield>
    <subfield code="p">R17533</subfield>
    <subfield code="r">2026-04-10 16:09:26</subfield>
    <subfield code="w">2026-04-10</subfield>
    <subfield code="y">RN</subfield>
  </datafield>
  <datafield tag="952" ind1=" " ind2=" ">
    <subfield code="0">0</subfield>
    <subfield code="1">0</subfield>
    <subfield code="4">0</subfield>
    <subfield code="7">0</subfield>
    <subfield code="a">BCEJYS</subfield>
    <subfield code="b">BCEJYS</subfield>
    <subfield code="c">17</subfield>
    <subfield code="d">1996-05-01</subfield>
    <subfield code="h">mayo/jun. 1996</subfield>
    <subfield code="l">0</subfield>
    <subfield code="o">H657 ORG 5/6.1996</subfield>
    <subfield code="p">R17532</subfield>
    <subfield code="r">2026-04-10 16:09:26</subfield>
    <subfield code="w">2026-04-10</subfield>
    <subfield code="y">RN</subfield>
  </datafield>
  <datafield tag="952" ind1=" " ind2=" ">
    <subfield code="0">0</subfield>
    <subfield code="1">0</subfield>
    <subfield code="4">0</subfield>
    <subfield code="7">0</subfield>
    <subfield code="a">BCEJYS</subfield>
    <subfield code="b">BCEJYS</subfield>
    <subfield code="c">17</subfield>
    <subfield code="d">1996-03-01</subfield>
    <subfield code="h">mar./abr. 1996</subfield>
    <subfield code="l">0</subfield>
    <subfield code="o">H657 ORG 3/4.1996</subfield>
    <subfield code="p">R17531</subfield>
    <subfield code="r">2026-04-10 16:09:26</subfield>
    <subfield code="w">2026-04-10</subfield>
    <subfield code="y">RN</subfield>
  </datafield>
  <datafield tag="952" ind1=" " ind2=" ">
    <subfield code="0">0</subfield>
    <subfield code="1">0</subfield>
    <subfield code="4">0</subfield>
    <subfield code="7">0</subfield>
    <subfield code="a">BCEJYS</subfield>
    <subfield code="b">BCEJYS</subfield>
    <subfield code="c">17</subfield>
    <subfield code="d">1996-01-01</subfield>
    <subfield code="h">ene./feb. 1996</subfield>
    <subfield code="l">0</subfield>
    <subfield code="o">H657 ORG 1/2.1996</subfield>
    <subfield code="p">R17530</subfield>
    <subfield code="r">2026-04-10 16:09:26</subfield>
    <subfield code="w">2026-04-10</subfield>
    <subfield code="y">RN</subfield>
  </datafield>
  <datafield tag="952" ind1=" " ind2=" ">
    <subfield code="0">0</subfield>
    <subfield code="1">0</subfield>
    <subfield code="4">0</subfield>
    <subfield code="7">0</subfield>
    <subfield code="a">BCEJYS</subfield>
    <subfield code="b">BCEJYS</subfield>
    <subfield code="c">17</subfield>
    <subfield code="d">1995-11-01</subfield>
    <subfield code="h">nov./dic. 1995</subfield>
    <subfield code="l">0</subfield>
    <subfield code="o">H657 ORG 11/12.1995</subfield>
    <subfield code="p">R17529</subfield>
    <subfield code="r">2026-04-10 16:09:26</subfield>
    <subfield code="w">2026-04-10</subfield>
    <subfield code="y">RN</subfield>
  </datafield>
  <datafield tag="952" ind1=" " ind2=" ">
    <subfield code="0">0</subfield>
    <subfield code="1">0</subfield>
    <subfield code="4">0</subfield>
    <subfield code="7">0</subfield>
    <subfield code="a">BCEJYS</subfield>
    <subfield code="b">BCEJYS</subfield>
    <subfield code="c">17</subfield>
    <subfield code="d">1995-09-01</subfield>
    <subfield code="h">sep./oct. 1995</subfield>
    <subfield code="l">0</subfield>
    <subfield code="o">H657 ORG 9/10.1995</subfield>
    <subfield code="p">R17528</subfield>
    <subfield code="r">2026-04-10 16:09:26</subfield>
    <subfield code="w">2026-04-10</subfield>
    <subfield code="y">RN</subfield>
  </datafield>
  <datafield tag="952" ind1=" " ind2=" ">
    <subfield code="0">0</subfield>
    <subfield code="1">0</subfield>
    <subfield code="4">0</subfield>
    <subfield code="7">0</subfield>
    <subfield code="a">BCEJYS</subfield>
    <subfield code="b">BCEJYS</subfield>
    <subfield code="c">17</subfield>
    <subfield code="d">1995-07-01</subfield>
    <subfield code="h">jul./ago. 1995</subfield>
    <subfield code="l">0</subfield>
    <subfield code="o">H657 ORG 7/8.1995</subfield>
    <subfield code="p">R17527</subfield>
    <subfield code="r">2026-04-10 16:09:26</subfield>
    <subfield code="w">2026-04-10</subfield>
    <subfield code="y">RN</subfield>
  </datafield>
  <datafield tag="952" ind1=" " ind2=" ">
    <subfield code="0">0</subfield>
    <subfield code="1">0</subfield>
    <subfield code="4">0</subfield>
    <subfield code="7">0</subfield>
    <subfield code="a">BCEJYS</subfield>
    <subfield code="b">BCEJYS</subfield>
    <subfield code="c">17</subfield>
    <subfield code="d">1995-05-01</subfield>
    <subfield code="h">mayo/jun. 1995</subfield>
    <subfield code="l">0</subfield>
    <subfield code="o">H657 ORG 5/6.1995</subfield>
    <subfield code="p">R17526</subfield>
    <subfield code="r">2026-04-10 16:09:26</subfield>
    <subfield code="w">2026-04-10</subfield>
    <subfield code="y">RN</subfield>
  </datafield>
  <datafield tag="952" ind1=" " ind2=" ">
    <subfield code="0">0</subfield>
    <subfield code="1">0</subfield>
    <subfield code="4">0</subfield>
    <subfield code="7">0</subfield>
    <subfield code="a">BCEJYS</subfield>
    <subfield code="b">BCEJYS</subfield>
    <subfield code="c">17</subfield>
    <subfield code="d">1995-03-01</subfield>
    <subfield code="h">mar./abr. 1995</subfield>
    <subfield code="l">0</subfield>
    <subfield code="o">H657 ORG 3/4.1995</subfield>
    <subfield code="p">R17525</subfield>
    <subfield code="r">2026-04-10 16:09:26</subfield>
    <subfield code="w">2026-04-10</subfield>
    <subfield code="y">RN</subfield>
  </datafield>
  <datafield tag="952" ind1=" " ind2=" ">
    <subfield code="0">0</subfield>
    <subfield code="1">0</subfield>
    <subfield code="4">0</subfield>
    <subfield code="7">0</subfield>
    <subfield code="a">BCEJYS</subfield>
    <subfield code="b">BCEJYS</subfield>
    <subfield code="c">17</subfield>
    <subfield code="d">1994-11-01</subfield>
    <subfield code="h">nov./dic. 1994</subfield>
    <subfield code="l">0</subfield>
    <subfield code="o">H657 ORG 11/12.1994</subfield>
    <subfield code="p">R17524</subfield>
    <subfield code="r">2026-04-10 16:09:26</subfield>
    <subfield code="w">2026-04-10</subfield>
    <subfield code="y">RN</subfield>
  </datafield>
  <datafield tag="952" ind1=" " ind2=" ">
    <subfield code="0">0</subfield>
    <subfield code="1">0</subfield>
    <subfield code="4">0</subfield>
    <subfield code="7">0</subfield>
    <subfield code="a">BCEJYS</subfield>
    <subfield code="b">BCEJYS</subfield>
    <subfield code="c">17</subfield>
    <subfield code="d">1994-09-01</subfield>
    <subfield code="h">sep./oct. 1994</subfield>
    <subfield code="l">0</subfield>
    <subfield code="o">H657 ORG 9/10.1994</subfield>
    <subfield code="p">R17523</subfield>
    <subfield code="r">2026-04-10 16:09:26</subfield>
    <subfield code="w">2026-04-10</subfield>
    <subfield code="y">RN</subfield>
  </datafield>
  <datafield tag="952" ind1=" " ind2=" ">
    <subfield code="0">0</subfield>
    <subfield code="1">0</subfield>
    <subfield code="4">0</subfield>
    <subfield code="7">0</subfield>
    <subfield code="a">BCEJYS</subfield>
    <subfield code="b">BCEJYS</subfield>
    <subfield code="c">17</subfield>
    <subfield code="d">1994-05-01</subfield>
    <subfield code="h">mayo/jun. 1994</subfield>
    <subfield code="l">0</subfield>
    <subfield code="o">H657 ORG 5/6.1994</subfield>
    <subfield code="p">R17522</subfield>
    <subfield code="r">2026-04-10 16:09:26</subfield>
    <subfield code="w">2026-04-10</subfield>
    <subfield code="y">RN</subfield>
  </datafield>
  <datafield tag="952" ind1=" " ind2=" ">
    <subfield code="0">0</subfield>
    <subfield code="1">0</subfield>
    <subfield code="4">0</subfield>
    <subfield code="7">0</subfield>
    <subfield code="a">BCEJYS</subfield>
    <subfield code="b">BCEJYS</subfield>
    <subfield code="c">17</subfield>
    <subfield code="d">1993-11-01</subfield>
    <subfield code="h">nov. 1993</subfield>
    <subfield code="l">0</subfield>
    <subfield code="o">H657 ORG 11.1993</subfield>
    <subfield code="p">R17521</subfield>
    <subfield code="r">2026-04-10 16:09:26</subfield>
    <subfield code="w">2026-04-10</subfield>
    <subfield code="y">RN</subfield>
  </datafield>
  <datafield tag="952" ind1=" " ind2=" ">
    <subfield code="0">0</subfield>
    <subfield code="1">0</subfield>
    <subfield code="4">0</subfield>
    <subfield code="7">0</subfield>
    <subfield code="a">BCEJYS</subfield>
    <subfield code="b">BCEJYS</subfield>
    <subfield code="c">17</subfield>
    <subfield code="d">1993-02-01</subfield>
    <subfield code="h">feb. 1993</subfield>
    <subfield code="l">0</subfield>
    <subfield code="o">H657 ORG 2.1993</subfield>
    <subfield code="p">R17520</subfield>
    <subfield code="r">2026-04-10 16:09:26</subfield>
    <subfield code="w">2026-04-10</subfield>
    <subfield code="y">RN</subfield>
  </datafield>
  <datafield tag="952" ind1=" " ind2=" ">
    <subfield code="0">0</subfield>
    <subfield code="1">0</subfield>
    <subfield code="4">0</subfield>
    <subfield code="7">0</subfield>
    <subfield code="a">BCEJYS</subfield>
    <subfield code="b">BCEJYS</subfield>
    <subfield code="c">17</subfield>
    <subfield code="d">1993-01-01</subfield>
    <subfield code="h">ene. 1993</subfield>
    <subfield code="l">0</subfield>
    <subfield code="o">H657 ORG 1.1993</subfield>
    <subfield code="p">R17519</subfield>
    <subfield code="r">2026-04-10 16:09:26</subfield>
    <subfield code="w">2026-04-10</subfield>
    <subfield code="y">RN</subfield>
  </datafield>
  <datafield tag="952" ind1=" " ind2=" ">
    <subfield code="0">0</subfield>
    <subfield code="1">0</subfield>
    <subfield code="4">0</subfield>
    <subfield code="7">0</subfield>
    <subfield code="a">BCEJYS</subfield>
    <subfield code="b">BCEJYS</subfield>
    <subfield code="c">17</subfield>
    <subfield code="d">1992-07-01</subfield>
    <subfield code="h">jul. 1992</subfield>
    <subfield code="l">0</subfield>
    <subfield code="o">H657 ORG 7.1992</subfield>
    <subfield code="p">R17518</subfield>
    <subfield code="r">2026-04-10 16:09:26</subfield>
    <subfield code="w">2026-04-10</subfield>
    <subfield code="y">RN</subfield>
  </datafield>
  <datafield tag="952" ind1=" " ind2=" ">
    <subfield code="0">0</subfield>
    <subfield code="1">0</subfield>
    <subfield code="4">0</subfield>
    <subfield code="7">0</subfield>
    <subfield code="a">BCEJYS</subfield>
    <subfield code="b">BCEJYS</subfield>
    <subfield code="c">17</subfield>
    <subfield code="d">1992-06-01</subfield>
    <subfield code="h">jun. 1992</subfield>
    <subfield code="l">0</subfield>
    <subfield code="o">H657 ORG 6.1992</subfield>
    <subfield code="p">R17517</subfield>
    <subfield code="r">2026-04-10 16:09:26</subfield>
    <subfield code="w">2026-04-10</subfield>
    <subfield code="y">RN</subfield>
  </datafield>
  <datafield tag="952" ind1=" " ind2=" ">
    <subfield code="0">0</subfield>
    <subfield code="1">0</subfield>
    <subfield code="4">0</subfield>
    <subfield code="7">0</subfield>
    <subfield code="a">BCEJYS</subfield>
    <subfield code="b">BCEJYS</subfield>
    <subfield code="c">17</subfield>
    <subfield code="d">1991-10-01</subfield>
    <subfield code="h">oct. 1991</subfield>
    <subfield code="l">0</subfield>
    <subfield code="o">H657 ORG 10.1991</subfield>
    <subfield code="p">R17516</subfield>
    <subfield code="r">2026-04-10 16:09:26</subfield>
    <subfield code="w">2026-04-10</subfield>
    <subfield code="y">RN</subfield>
  </datafield>
  <datafield tag="952" ind1=" " ind2=" ">
    <subfield code="0">0</subfield>
    <subfield code="1">0</subfield>
    <subfield code="4">0</subfield>
    <subfield code="7">0</subfield>
    <subfield code="a">BCEJYS</subfield>
    <subfield code="b">BCEJYS</subfield>
    <subfield code="c">17</subfield>
    <subfield code="d">1991-09-01</subfield>
    <subfield code="h">sep. 1991</subfield>
    <subfield code="l">0</subfield>
    <subfield code="o">H657 ORG 9.1991</subfield>
    <subfield code="p">R17515</subfield>
    <subfield code="r">2026-04-10 16:09:26</subfield>
    <subfield code="w">2026-04-10</subfield>
    <subfield code="y">RN</subfield>
  </datafield>
  <datafield tag="952" ind1=" " ind2=" ">
    <subfield code="0">0</subfield>
    <subfield code="1">0</subfield>
    <subfield code="4">0</subfield>
    <subfield code="7">0</subfield>
    <subfield code="a">BCEJYS</subfield>
    <subfield code="b">BCEJYS</subfield>
    <subfield code="c">17</subfield>
    <subfield code="d">1991-08-01</subfield>
    <subfield code="h">ago. 1991</subfield>
    <subfield code="l">0</subfield>
    <subfield code="o">H657 ORG 8.1991</subfield>
    <subfield code="p">R17514</subfield>
    <subfield code="r">2026-04-10 16:09:26</subfield>
    <subfield code="w">2026-04-10</subfield>
    <subfield code="y">RN</subfield>
  </datafield>
  <datafield tag="952" ind1=" " ind2=" ">
    <subfield code="0">0</subfield>
    <subfield code="1">0</subfield>
    <subfield code="4">0</subfield>
    <subfield code="7">0</subfield>
    <subfield code="a">BCEJYS</subfield>
    <subfield code="b">BCEJYS</subfield>
    <subfield code="c">17</subfield>
    <subfield code="d">1991-07-01</subfield>
    <subfield code="h">jul. 1991</subfield>
    <subfield code="l">0</subfield>
    <subfield code="o">H657 ORG 7.1991</subfield>
    <subfield code="p">R17513</subfield>
    <subfield code="r">2026-04-10 16:09:26</subfield>
    <subfield code="w">2026-04-10</subfield>
    <subfield code="y">RN</subfield>
  </datafield>
  <datafield tag="952" ind1=" " ind2=" ">
    <subfield code="0">0</subfield>
    <subfield code="1">0</subfield>
    <subfield code="4">0</subfield>
    <subfield code="7">0</subfield>
    <subfield code="a">BCEJYS</subfield>
    <subfield code="b">BCEJYS</subfield>
    <subfield code="c">17</subfield>
    <subfield code="d">1991-06-01</subfield>
    <subfield code="h">jun. 1991</subfield>
    <subfield code="l">0</subfield>
    <subfield code="o">H657 ORG 6.1991</subfield>
    <subfield code="p">R17512</subfield>
    <subfield code="r">2026-04-10 16:09:26</subfield>
    <subfield code="w">2026-04-10</subfield>
    <subfield code="y">RN</subfield>
  </datafield>
  <datafield tag="952" ind1=" " ind2=" ">
    <subfield code="0">0</subfield>
    <subfield code="1">0</subfield>
    <subfield code="4">0</subfield>
    <subfield code="7">0</subfield>
    <subfield code="a">BCEJYS</subfield>
    <subfield code="b">BCEJYS</subfield>
    <subfield code="c">17</subfield>
    <subfield code="d">1991-05-01</subfield>
    <subfield code="h">mayo 1991</subfield>
    <subfield code="l">0</subfield>
    <subfield code="o">H657 ORG 5.1991</subfield>
    <subfield code="p">R17511</subfield>
    <subfield code="r">2026-04-10 16:09:26</subfield>
    <subfield code="w">2026-04-10</subfield>
    <subfield code="y">RN</subfield>
  </datafield>
  <datafield tag="952" ind1=" " ind2=" ">
    <subfield code="0">0</subfield>
    <subfield code="1">0</subfield>
    <subfield code="4">0</subfield>
    <subfield code="7">0</subfield>
    <subfield code="a">BCEJYS</subfield>
    <subfield code="b">BCEJYS</subfield>
    <subfield code="c">17</subfield>
    <subfield code="d">1991-04-01</subfield>
    <subfield code="h">abr. 1991</subfield>
    <subfield code="l">0</subfield>
    <subfield code="o">H657 ORG 4.1991</subfield>
    <subfield code="p">R17510</subfield>
    <subfield code="r">2026-04-10 16:09:26</subfield>
    <subfield code="w">2026-04-10</subfield>
    <subfield code="y">RN</subfield>
  </datafield>
  <datafield tag="952" ind1=" " ind2=" ">
    <subfield code="0">0</subfield>
    <subfield code="1">0</subfield>
    <subfield code="4">0</subfield>
    <subfield code="7">0</subfield>
    <subfield code="a">BCEJYS</subfield>
    <subfield code="b">BCEJYS</subfield>
    <subfield code="c">17</subfield>
    <subfield code="d">1991-03-01</subfield>
    <subfield code="h">mar. 1991</subfield>
    <subfield code="l">0</subfield>
    <subfield code="o">H657 ORG 3.1991</subfield>
    <subfield code="p">R17509</subfield>
    <subfield code="r">2026-04-10 16:09:27</subfield>
    <subfield code="w">2026-04-10</subfield>
    <subfield code="y">RN</subfield>
  </datafield>
  <datafield tag="952" ind1=" " ind2=" ">
    <subfield code="0">0</subfield>
    <subfield code="1">0</subfield>
    <subfield code="4">0</subfield>
    <subfield code="7">0</subfield>
    <subfield code="a">BCEJYS</subfield>
    <subfield code="b">BCEJYS</subfield>
    <subfield code="c">17</subfield>
    <subfield code="d">1991-02-01</subfield>
    <subfield code="h">feb. 1991</subfield>
    <subfield code="l">0</subfield>
    <subfield code="o">H657 ORG 2.1991</subfield>
    <subfield code="p">R17508</subfield>
    <subfield code="r">2026-04-10 16:09:27</subfield>
    <subfield code="w">2026-04-10</subfield>
    <subfield code="y">RN</subfield>
  </datafield>
  <datafield tag="952" ind1=" " ind2=" ">
    <subfield code="0">0</subfield>
    <subfield code="1">0</subfield>
    <subfield code="4">0</subfield>
    <subfield code="7">0</subfield>
    <subfield code="a">BCEJYS</subfield>
    <subfield code="b">BCEJYS</subfield>
    <subfield code="c">17</subfield>
    <subfield code="d">1991-01-01</subfield>
    <subfield code="h">ene. 1991</subfield>
    <subfield code="l">0</subfield>
    <subfield code="o">H657 ORG 1.1991</subfield>
    <subfield code="p">R17507</subfield>
    <subfield code="r">2026-04-10 16:09:27</subfield>
    <subfield code="w">2026-04-10</subfield>
    <subfield code="y">RN</subfield>
  </datafield>
  <datafield tag="952" ind1=" " ind2=" ">
    <subfield code="0">0</subfield>
    <subfield code="1">0</subfield>
    <subfield code="4">0</subfield>
    <subfield code="7">0</subfield>
    <subfield code="a">BCEJYS</subfield>
    <subfield code="b">BCEJYS</subfield>
    <subfield code="c">17</subfield>
    <subfield code="d">1990-12-01</subfield>
    <subfield code="h">dic. 1990</subfield>
    <subfield code="l">0</subfield>
    <subfield code="o">H657 ORG 12.1990</subfield>
    <subfield code="p">R17506</subfield>
    <subfield code="r">2026-04-10 16:09:27</subfield>
    <subfield code="w">2026-04-10</subfield>
    <subfield code="y">RN</subfield>
  </datafield>
  <datafield tag="952" ind1=" " ind2=" ">
    <subfield code="0">0</subfield>
    <subfield code="1">0</subfield>
    <subfield code="4">0</subfield>
    <subfield code="7">0</subfield>
    <subfield code="a">BCEJYS</subfield>
    <subfield code="b">BCEJYS</subfield>
    <subfield code="c">17</subfield>
    <subfield code="d">1990-11-01</subfield>
    <subfield code="h">nov. 1990</subfield>
    <subfield code="l">0</subfield>
    <subfield code="o">H657 ORG 11.1990</subfield>
    <subfield code="p">R17505</subfield>
    <subfield code="r">2026-04-10 16:09:27</subfield>
    <subfield code="w">2026-04-10</subfield>
    <subfield code="y">RN</subfield>
  </datafield>
  <datafield tag="952" ind1=" " ind2=" ">
    <subfield code="0">0</subfield>
    <subfield code="1">0</subfield>
    <subfield code="4">0</subfield>
    <subfield code="7">0</subfield>
    <subfield code="a">BCEJYS</subfield>
    <subfield code="b">BCEJYS</subfield>
    <subfield code="c">17</subfield>
    <subfield code="d">1990-10-01</subfield>
    <subfield code="h">oct. 1990</subfield>
    <subfield code="l">0</subfield>
    <subfield code="o">H657 ORG 10.1990</subfield>
    <subfield code="p">R17504</subfield>
    <subfield code="r">2026-04-10 16:09:27</subfield>
    <subfield code="w">2026-04-10</subfield>
    <subfield code="y">RN</subfield>
  </datafield>
  <datafield tag="952" ind1=" " ind2=" ">
    <subfield code="0">0</subfield>
    <subfield code="1">0</subfield>
    <subfield code="4">0</subfield>
    <subfield code="7">0</subfield>
    <subfield code="a">BCEJYS</subfield>
    <subfield code="b">BCEJYS</subfield>
    <subfield code="c">17</subfield>
    <subfield code="d">1990-09-01</subfield>
    <subfield code="h">sep. 1990</subfield>
    <subfield code="l">0</subfield>
    <subfield code="o">H657 ORG 9.1990</subfield>
    <subfield code="p">R17503</subfield>
    <subfield code="r">2026-04-10 16:09:27</subfield>
    <subfield code="w">2026-04-10</subfield>
    <subfield code="y">RN</subfield>
  </datafield>
  <datafield tag="952" ind1=" " ind2=" ">
    <subfield code="0">0</subfield>
    <subfield code="1">0</subfield>
    <subfield code="4">0</subfield>
    <subfield code="7">0</subfield>
    <subfield code="a">BCEJYS</subfield>
    <subfield code="b">BCEJYS</subfield>
    <subfield code="c">17</subfield>
    <subfield code="d">1990-08-01</subfield>
    <subfield code="h">ago. 1990</subfield>
    <subfield code="l">0</subfield>
    <subfield code="o">H657 ORG 8.1990</subfield>
    <subfield code="p">R17502</subfield>
    <subfield code="r">2026-04-10 16:09:27</subfield>
    <subfield code="w">2026-04-10</subfield>
    <subfield code="y">RN</subfield>
  </datafield>
  <datafield tag="952" ind1=" " ind2=" ">
    <subfield code="0">0</subfield>
    <subfield code="1">0</subfield>
    <subfield code="4">0</subfield>
    <subfield code="7">0</subfield>
    <subfield code="a">BCEJYS</subfield>
    <subfield code="b">BCEJYS</subfield>
    <subfield code="c">17</subfield>
    <subfield code="d">1990-07-01</subfield>
    <subfield code="h">jul. 1990</subfield>
    <subfield code="l">0</subfield>
    <subfield code="o">H657 ORG 7.1990</subfield>
    <subfield code="p">R17501</subfield>
    <subfield code="r">2026-04-10 16:09:27</subfield>
    <subfield code="w">2026-04-10</subfield>
    <subfield code="y">RN</subfield>
  </datafield>
  <datafield tag="952" ind1=" " ind2=" ">
    <subfield code="0">0</subfield>
    <subfield code="1">0</subfield>
    <subfield code="4">0</subfield>
    <subfield code="7">0</subfield>
    <subfield code="a">BCEJYS</subfield>
    <subfield code="b">BCEJYS</subfield>
    <subfield code="c">17</subfield>
    <subfield code="d">1990-04-01</subfield>
    <subfield code="h">abr. 1990</subfield>
    <subfield code="l">0</subfield>
    <subfield code="o">H657 ORG 4.1990</subfield>
    <subfield code="p">R17500</subfield>
    <subfield code="r">2026-04-10 16:09:27</subfield>
    <subfield code="w">2026-04-10</subfield>
    <subfield code="y">RN</subfield>
  </datafield>
  <datafield tag="952" ind1=" " ind2=" ">
    <subfield code="0">0</subfield>
    <subfield code="1">0</subfield>
    <subfield code="4">0</subfield>
    <subfield code="7">0</subfield>
    <subfield code="a">BCEJYS</subfield>
    <subfield code="b">BCEJYS</subfield>
    <subfield code="c">17</subfield>
    <subfield code="d">1990-02-01</subfield>
    <subfield code="h">feb. 1990</subfield>
    <subfield code="l">0</subfield>
    <subfield code="o">H657 ORG 2.1990</subfield>
    <subfield code="p">R17499</subfield>
    <subfield code="r">2026-04-10 16:09:27</subfield>
    <subfield code="w">2026-04-10</subfield>
    <subfield code="y">RN</subfield>
  </datafield>
  <datafield tag="952" ind1=" " ind2=" ">
    <subfield code="0">0</subfield>
    <subfield code="1">0</subfield>
    <subfield code="4">0</subfield>
    <subfield code="7">0</subfield>
    <subfield code="a">BCEJYS</subfield>
    <subfield code="b">BCEJYS</subfield>
    <subfield code="c">17</subfield>
    <subfield code="d">1990-01-01</subfield>
    <subfield code="h">ene. 1990</subfield>
    <subfield code="l">0</subfield>
    <subfield code="o">H657 ORG 1.1990</subfield>
    <subfield code="p">R17498</subfield>
    <subfield code="r">2026-04-10 16:09:27</subfield>
    <subfield code="w">2026-04-10</subfield>
    <subfield code="y">RN</subfield>
  </datafield>
  <datafield tag="952" ind1=" " ind2=" ">
    <subfield code="0">0</subfield>
    <subfield code="1">0</subfield>
    <subfield code="4">0</subfield>
    <subfield code="7">0</subfield>
    <subfield code="a">BCEJYS</subfield>
    <subfield code="b">BCEJYS</subfield>
    <subfield code="c">17</subfield>
    <subfield code="d">1989-12-01</subfield>
    <subfield code="h">dic. 1989</subfield>
    <subfield code="l">0</subfield>
    <subfield code="o">H657 ORG 12.1989</subfield>
    <subfield code="p">R17497</subfield>
    <subfield code="r">2026-04-10 16:09:27</subfield>
    <subfield code="w">2026-04-10</subfield>
    <subfield code="y">RN</subfield>
  </datafield>
  <datafield tag="952" ind1=" " ind2=" ">
    <subfield code="0">0</subfield>
    <subfield code="1">0</subfield>
    <subfield code="4">0</subfield>
    <subfield code="7">0</subfield>
    <subfield code="a">BCEJYS</subfield>
    <subfield code="b">BCEJYS</subfield>
    <subfield code="c">17</subfield>
    <subfield code="d">1989-11-01</subfield>
    <subfield code="h">nov. 1989</subfield>
    <subfield code="l">0</subfield>
    <subfield code="o">H657 ORG 11.1989</subfield>
    <subfield code="p">R17496</subfield>
    <subfield code="r">2026-04-10 16:09:27</subfield>
    <subfield code="w">2026-04-10</subfield>
    <subfield code="y">RN</subfield>
  </datafield>
  <datafield tag="952" ind1=" " ind2=" ">
    <subfield code="0">0</subfield>
    <subfield code="1">0</subfield>
    <subfield code="4">0</subfield>
    <subfield code="7">0</subfield>
    <subfield code="a">BCEJYS</subfield>
    <subfield code="b">BCEJYS</subfield>
    <subfield code="c">17</subfield>
    <subfield code="d">1989-10-01</subfield>
    <subfield code="h">oct. 1989</subfield>
    <subfield code="l">0</subfield>
    <subfield code="o">H657 ORG 10.1989</subfield>
    <subfield code="p">R17495</subfield>
    <subfield code="r">2026-04-10 16:09:27</subfield>
    <subfield code="w">2026-04-10</subfield>
    <subfield code="y">RN</subfield>
  </datafield>
  <datafield tag="952" ind1=" " ind2=" ">
    <subfield code="0">0</subfield>
    <subfield code="1">0</subfield>
    <subfield code="4">0</subfield>
    <subfield code="7">0</subfield>
    <subfield code="a">BCEJYS</subfield>
    <subfield code="b">BCEJYS</subfield>
    <subfield code="c">17</subfield>
    <subfield code="d">1989-08-01</subfield>
    <subfield code="h">ago. 1989</subfield>
    <subfield code="l">0</subfield>
    <subfield code="o">H657 ORG 8.1989</subfield>
    <subfield code="p">R17494</subfield>
    <subfield code="r">2026-04-10 16:09:27</subfield>
    <subfield code="w">2026-04-10</subfield>
    <subfield code="y">RN</subfield>
  </datafield>
  <datafield tag="952" ind1=" " ind2=" ">
    <subfield code="0">0</subfield>
    <subfield code="1">0</subfield>
    <subfield code="4">0</subfield>
    <subfield code="7">0</subfield>
    <subfield code="a">BCEJYS</subfield>
    <subfield code="b">BCEJYS</subfield>
    <subfield code="c">17</subfield>
    <subfield code="d">1989-07-01</subfield>
    <subfield code="h">jul. 1989</subfield>
    <subfield code="l">0</subfield>
    <subfield code="o">H657 ORG 7.1989</subfield>
    <subfield code="p">R17493</subfield>
    <subfield code="r">2026-04-10 16:09:27</subfield>
    <subfield code="w">2026-04-10</subfield>
    <subfield code="y">RN</subfield>
  </datafield>
  <datafield tag="952" ind1=" " ind2=" ">
    <subfield code="0">0</subfield>
    <subfield code="1">0</subfield>
    <subfield code="4">0</subfield>
    <subfield code="7">0</subfield>
    <subfield code="a">BCEJYS</subfield>
    <subfield code="b">BCEJYS</subfield>
    <subfield code="c">17</subfield>
    <subfield code="d">1989-05-01</subfield>
    <subfield code="h">mayo 1989</subfield>
    <subfield code="l">0</subfield>
    <subfield code="o">H657 ORG 5.1989</subfield>
    <subfield code="p">R17492</subfield>
    <subfield code="r">2026-04-10 16:09:27</subfield>
    <subfield code="w">2026-04-10</subfield>
    <subfield code="y">RN</subfield>
  </datafield>
  <datafield tag="952" ind1=" " ind2=" ">
    <subfield code="0">0</subfield>
    <subfield code="1">0</subfield>
    <subfield code="4">0</subfield>
    <subfield code="7">0</subfield>
    <subfield code="a">BCEJYS</subfield>
    <subfield code="b">BCEJYS</subfield>
    <subfield code="c">17</subfield>
    <subfield code="d">1989-02-01</subfield>
    <subfield code="h">feb. 1989</subfield>
    <subfield code="l">0</subfield>
    <subfield code="o">H657 ORG 2.1989</subfield>
    <subfield code="p">R17491</subfield>
    <subfield code="r">2026-04-10 16:09:27</subfield>
    <subfield code="w">2026-04-10</subfield>
    <subfield code="y">RN</subfield>
  </datafield>
  <datafield tag="952" ind1=" " ind2=" ">
    <subfield code="0">0</subfield>
    <subfield code="1">0</subfield>
    <subfield code="4">0</subfield>
    <subfield code="7">0</subfield>
    <subfield code="a">BCEJYS</subfield>
    <subfield code="b">BCEJYS</subfield>
    <subfield code="c">17</subfield>
    <subfield code="d">1988-07-01</subfield>
    <subfield code="h">jul. 1989</subfield>
    <subfield code="l">0</subfield>
    <subfield code="o">H657 ORG 7.1988</subfield>
    <subfield code="p">R17490</subfield>
    <subfield code="r">2026-04-10 16:09:27</subfield>
    <subfield code="w">2026-04-10</subfield>
    <subfield code="y">RN</subfield>
  </datafield>
  <datafield tag="952" ind1=" " ind2=" ">
    <subfield code="0">0</subfield>
    <subfield code="1">0</subfield>
    <subfield code="4">0</subfield>
    <subfield code="7">0</subfield>
    <subfield code="a">BCEJYS</subfield>
    <subfield code="b">BCEJYS</subfield>
    <subfield code="c">17</subfield>
    <subfield code="d">1988-06-01</subfield>
    <subfield code="h">jun. 1988</subfield>
    <subfield code="l">0</subfield>
    <subfield code="o">H657 ORG 6.1988</subfield>
    <subfield code="p">R17489</subfield>
    <subfield code="r">2026-04-10 16:09:27</subfield>
    <subfield code="w">2026-04-10</subfield>
    <subfield code="y">RN</subfield>
  </datafield>
  <datafield tag="952" ind1=" " ind2=" ">
    <subfield code="0">0</subfield>
    <subfield code="1">0</subfield>
    <subfield code="4">0</subfield>
    <subfield code="7">0</subfield>
    <subfield code="a">BCEJYS</subfield>
    <subfield code="b">BCEJYS</subfield>
    <subfield code="c">17</subfield>
    <subfield code="d">1988-05-01</subfield>
    <subfield code="h">mayo 1988</subfield>
    <subfield code="l">0</subfield>
    <subfield code="o">H657 ORG 5.1988</subfield>
    <subfield code="p">R17488</subfield>
    <subfield code="r">2026-04-10 16:09:27</subfield>
    <subfield code="w">2026-04-10</subfield>
    <subfield code="y">RN</subfield>
  </datafield>
  <datafield tag="952" ind1=" " ind2=" ">
    <subfield code="0">0</subfield>
    <subfield code="1">0</subfield>
    <subfield code="4">0</subfield>
    <subfield code="7">0</subfield>
    <subfield code="a">BCEJYS</subfield>
    <subfield code="b">BCEJYS</subfield>
    <subfield code="c">17</subfield>
    <subfield code="d">1988-03-01</subfield>
    <subfield code="h">mar. 1988</subfield>
    <subfield code="l">0</subfield>
    <subfield code="o">H657 ORG 3.1988</subfield>
    <subfield code="p">R17486</subfield>
    <subfield code="r">2026-04-10 16:09:27</subfield>
    <subfield code="w">2026-04-10</subfield>
    <subfield code="y">RN</subfield>
  </datafield>
</record>
